<?xml version="1.0" encoding="UTF-8"?>
<marc:record xmlns:marc="http://www.loc.gov/MARC21/slim">
   <marc:leader>00000nam a2200000 a 4500</marc:leader>
   <marc:datafield ind1="1" ind2=" " tag="100">
      <marc:subfield code="a">Wunderlich, Christian</marc:subfield>
      <marc:subfield code="4">aut</marc:subfield>
      <marc:subfield code="e">Verfasser/-in</marc:subfield>
   </marc:datafield>
   <marc:datafield ind1=" " ind2=" " tag="653">
      <marc:subfield code="a">Freundschaft</marc:subfield>
   </marc:datafield>
   <marc:datafield ind1=" " ind2=" " tag="653">
      <marc:subfield code="a">Mädchen</marc:subfield>
   </marc:datafield>
   <marc:datafield ind1=" " ind2=" " tag="653">
      <marc:subfield code="a">Softcover / Kinder- und Jugendbücher/Kinderbücher bis 11 Jahre</marc:subfield>
   </marc:datafield>
   <marc:datafield ind1=" " ind2=" " tag="653">
      <marc:subfield code="a">Kinderbande</marc:subfield>
   </marc:datafield>
   <marc:datafield ind1=" " ind2=" " tag="653">
      <marc:subfield code="a">Bücher von Promis</marc:subfield>
   </marc:datafield>
   <marc:datafield ind1=" " ind2=" " tag="653">
      <marc:subfield code="a">Lustiges Kinderbuch</marc:subfield>
   </marc:datafield>
   <marc:datafield ind1=" " ind2=" " tag="653">
      <marc:subfield code="a">Kinderbuch ab 5 Jahren</marc:subfield>
   </marc:datafield>
   <marc:datafield ind1=" " ind2=" " tag="653">
      <marc:subfield code="a">starke Mädchen</marc:subfield>
   </marc:datafield>
   <marc:datafield ind1=" " ind2=" " tag="653">
      <marc:subfield code="a">hygge</marc:subfield>
   </marc:datafield>
   <marc:datafield ind1=" " ind2=" " tag="653">
      <marc:subfield code="a">Helfen</marc:subfield>
   </marc:datafield>
   <marc:datafield ind1=" " ind2=" " tag="653">
      <marc:subfield code="a">BookTok</marc:subfield>
   </marc:datafield>
   <marc:datafield ind1=" " ind2=" " tag="653">
      <marc:subfield code="a">Fantasie</marc:subfield>
   </marc:datafield>
   <marc:datafield ind1=" " ind2=" " tag="653">
      <marc:subfield code="a">Humor</marc:subfield>
   </marc:datafield>
   <marc:datafield ind1=" " ind2=" " tag="653">
      <marc:subfield code="a">ab 5</marc:subfield>
   </marc:datafield>
   <marc:datafield ind1=" " ind2=" " tag="653">
      <marc:subfield code="a">Kinderbuch</marc:subfield>
   </marc:datafield>
   <marc:datafield ind1=" " ind2=" " tag="653">
      <marc:subfield code="a">Kinderbücher bis 11 Jahre</marc:subfield>
   </marc:datafield>
   <marc:datafield ind1="0" ind2="0" tag="245">
      <marc:subfield code="a">Mission Spielstraße</marc:subfield>
   </marc:datafield>
   <marc:datafield ind1="0" ind2="0" tag="245">
      <marc:subfield code="c">erzählt von Fia ; aufgeschrieben von Christian Wunderlich ; mit Bildern von Anne Grobe</marc:subfield>
   </marc:datafield>
   <marc:datafield ind1=" " ind2="1" tag="264">
      <marc:subfield code="a">Hamburg</marc:subfield>
      <marc:subfield code="b">Verlag Friedrich Oetinger GmbH</marc:subfield>
      <marc:subfield code="c">2025</marc:subfield>
   </marc:datafield>
   <marc:datafield ind1="1" ind2=" " tag="490">
      <marc:subfield code="a">Fia und die Herzensbande / Christian Wunderlich</marc:subfield>
      <marc:subfield code="v">1</marc:subfield>
   </marc:datafield>
   <marc:datafield ind1=" " ind2=" " tag="250">
      <marc:subfield code="a">Originalausgabe, 1. Auflage</marc:subfield>
   </marc:datafield>
   <marc:datafield ind1="1" ind2=" " tag="520">
      <marc:subfield code="a">Freunde fürs Leben

Hey, ich bin Fia! Mit meiner Familie und meinem Huhn Gluck bin ich vom Dorf in die Stadt gezogen. Und wisst ihr was? Unsere Straße ist nur zum Spielen da - wie toll ist das denn?! Hier hab ich auch meine neuen Freunde kennengelernt: Feuerwehrmädchen Mona, Detektiv Pippo, Superheldin Hanna und ihren Erfinder-Bruder Ben. Zusammen sind wir die Herzensbande und erleben unglaubliche Abenteuer: Wir nehmen es mit Waldpiraten auf, malen einen Regenbogen neu an, bringen Vogelküken das Fliegen bei und erkunden die geheimnisvolle Dracheninsel am Badesee. Unsere Mission? Gutes tun. Denn, zum Donnergrimm, Gutes tun macht ein richtig glückliches Gefühl im Bauch.

Fia &amp; die Herzensbande 1. Mission Spielstraße: Eine Freundschaftsgeschichte mit viel Humor und Fantasie

Beste Freunde: Fantasievolle Abenteuergeschichte über eine außergewöhnliche Kinderbande für junge Leser*innen ab 5 Jahren.

Liebenswerte Charaktere: Fia und ihre Clique wollen Gutes tun und anderen helfen.

Starke Botschaften: Das lustige Kinderbuch vermittelt wichtige Werte wie Hilfsbereitschaft, Diversität und Inklusion.

Mit Herz und Humor: Christian Wunderlich erzählt eine charmante Geschichte über die Freundschaft für Kinder ab 5 Jahren, die fantasievolle Abenteuer lieben.

Christian Wunderlich ist Schauspieler, Synchronsprecher, Songwriter und Schriftsteller. Er spielte Hauptrollen in erfolgreichen TV-Serien wie „Nesthocker“ und „Verbotene Liebe“. Seine große Liebe gilt der Literatur.
</marc:subfield>
   </marc:datafield>
   <marc:datafield ind1=" " ind2=" " tag="020">
      <marc:subfield code="a">9783751206051</marc:subfield>
      <marc:subfield code="9">9783751206051</marc:subfield>
   </marc:datafield>
   <marc:datafield ind1=" " ind2=" " tag="020">
      <marc:subfield code="a">3751206051</marc:subfield>
      <marc:subfield code="9">3751206051</marc:subfield>
   </marc:datafield>
   <marc:datafield ind1=" " ind2=" " tag="041">
      <marc:subfield code="a">ger</marc:subfield>
   </marc:datafield>
   <marc:datafield ind1=" " ind2=" " tag="300">
      <marc:subfield code="a">120 Seiten</marc:subfield>
   </marc:datafield>
</marc:record>
